| 000 | 00509nam a22001457a 4500 | ||
|---|---|---|---|
| 003 | SGT | ||
| 082 |
_a617.632 _bA23Y |
||
| 100 | _aYadav, Garima | ||
| 245 | _aA Comparative evaluation of wound healing by assessing the effect of palliative medicinal dressing, Ayurvedic dressing and no dressing in Postextraction Alveolar socket | ||
| 260 |
_aGurugram, Haryana _bSGT University _c2023 |
||
| 300 | _a83 | ||
| 650 | _aOral and Maxillofacial Surgery | ||
| 653 | _aOral and Maxillofacial Surgery | ||
| 942 |
_2ddc _cTH |
||
| 999 |
_c23820 _d23820 |
||